Сборник задач по оптимизации. (ბიბ.ჩანაწერი № 38818)
[ მარტივი ფორმატი ]
| 000 -LEADER | |
|---|---|
| fixed length control field | 00728nam a2200229Ia 4500 |
| 001 - CONTROL NUMBER | |
| control field | 5216 |
| 003 - CONTROL NUMBER IDENTIFIER | |
| control field | GE_BSU |
| 008 - FIXED-LENGTH DATA ELEMENTS--GENERAL INFORMATION | |
| fixed length control field | 181216s||||||||xx |||||||||||||| ||und|| |
| 040 ## - CATALOGING SOURCE | |
| Transcribing agency | GE_BSU |
| 080 ## - UNIVERSAL DECIMAL CLASSIFICATION NUMBER | |
| Universal Decimal Classification number | 517.9(075.8) |
| 100 ## - MAIN ENTRY--PERSONAL NAME | |
| Personal name | Алексеев В.М. Галеев Э.М. Тихомиров В.М. |
| 245 ## - TITLE STATEMENT | |
| Title | Сборник задач по оптимизации. |
| 245 ## - TITLE STATEMENT | |
| Remainder of title | Теория. Примеры. Задачи. Учебное пособие для студ. вузов. |
| 260 ## - PUBLICATION, DISTRIBUTION, ETC. | |
| Place of publication, distribution, etc. | Москва |
| 260 ## - PUBLICATION, DISTRIBUTION, ETC. | |
| Date of publication, distribution, etc. | 1984 |
| 300 ## - PHYSICAL DESCRIPTION | |
| Extent | 288 с. |
| 653 ## - INDEX TERM--UNCONTROLLED | |
| Uncontrolled term | Задачи. |
| 653 ## - INDEX TERM--UNCONTROLLED | |
| Uncontrolled term | Примеры. |
| 653 ## - INDEX TERM--UNCONTROLLED | |
| Uncontrolled term | Сборник задач по оптимизации. |
| 653 ## - INDEX TERM--UNCONTROLLED | |
| Uncontrolled term | Теория. |
| 942 ## - ADDED ENTRY ELEMENTS (KOHA) | |
| Koha item type | წიგნი |
არაა ხელმისაწვდომი ეგზემპლარები.
